000 00910nam a22002057a 4500
999 _c7082
_d7082
003 AR-CdUCM
008 190319b ||||| |||| 00| 0 spa d
040 _aMUNICIPALIDAD PROVINCIAL DEL CUSCO
_cBIBLIOTECA MUNICIPAL DEL CUSCO
082 _a657.4 /
_bP27
100 _aPasdermadjian ,H.
_919939
245 _aPrincipios de Contabilidad Industrial /
260 _aEspaña :
_bFrancisco Casanovas ,
_c1958.
300 _a73 páginas ;
_c21 cm.
505 _aContenido : La Contabilidad Industrial -- El precio de coste -- Reunion de los elementos necesarios para calcular los precios de coste -- El cuadro de resumen - Los estallidos mensuales de direccion y de controll -- Conexion entre las contabilidades industrial general...
650 _aContabilidad Industrial
_919940
650 _aGastos de Materiales
_919941
650 _aPresupuestos y Probabilidades
_919942
942 _2ddc
_cLIBROS
945 _artm